• 首页
  • 本馆介绍
  • 公告通知
  • 最新文献
  • 馆藏检索
  • 电子资源
  • 读者导购
  • 参考咨询
  • 我的图书馆
  • 登录
  • 详细信息显示
  • 放入我的书架
  • 预约/预借图书
  • 作者相关作品
  • 分类相关作品
  • 丛书相关作品
  • 出版社相关作品

书目信息

  • 表格格式
  • 工作单格式
  • 卡片格式
题名:
水环境化学
    
 
作者: 张倩 , 李孟 主编
分册:  
出版信息: 北京   中国建材工业出版社  2021.1
页数: 278页
开本: 26cm
丛书名:
单 册:
中图分类: X131.2
科图分类:
主题词: 水环境--环境化学--高等学校--教材
电子资源:
ISBN: 978-7-5160-2194-1
000 01021nam0 2200253 45
001 012001000200
005 20140910164824.0
010    @a978-7-5160-2194-1@dCNY58.80
100    @a20180914d2018 em y0chiy50 ea
101 0  @achi
102    @aCN@b110000
105    @aa z 000yy
106    @ar
200 1  @a水环境化学@Ashui huan jing hua xue@b专著@f张倩,李孟主编
210    @a北京@c中国建材工业出版社@d2021.1
215    @a278页@c图@d26cm
300    @a普通高等院校环境科学与工程类系列规划教材
330    @a本书针对水环境化学的方法和理论基础作了较全面的阐述;注重原理和概念表达的严谨性,所用资料新颖。全书包括绪论,天然水体系的组成与性质,水体污染,水中无机污染物的迁移转化,水中有机污染物的迁移转化,水中重金属的迁移转化,水中营养物质的迁移转化,水中污染物的生物化学过程和水环境修复化学共九章内容。
606 0  @a水环境@x环境化学@x高等学校@j教材
690    @aX131.2@v5
701  0 @a张倩@Azhang qian@4主编
701  0 @a李孟@Ali meng@4主编
801  0 @aCN@bBJSDL@c20211011
905    @b1330769-71@dX131.2@e260@f3
    
    水环境化学/张倩,李孟主编.-北京:中国建材工业出版社,2021.1
    278页:图;26cm
    普通高等院校环境科学与工程类系列规划教材
    
    ISBN 978-7-5160-2194-1:CNY58.80
    本书针对水环境化学的方法和理论基础作了较全面的阐述;注重原理和概念表达的严谨性,所用资料新颖。全书包括绪论,天然水体系的组成与性质,水体污染,水中无机污染物的迁移转化,水中有机污染物的迁移转化,水中重金属的迁移转化,水中营养物质的迁移转化,水中污染物的生物化学过程和水环境修复化学共九章内容。
●
相关链接 在E读中查询图书 在五车中查询图书 在当当中查询图书 在豆瓣中查询图书


正题名:水环境化学     索取号:X131.2/260         预约/预借

序号 登录号 条形码 馆藏地/架位号 状态 备注
1 1330769   213307697   第二样本阅览室/ [索取号:X131.2/260] 在馆    
2 1330770   213307704   第三借阅区/ [索取号:X131.2/260] 在馆    
3 1330771   213307713   第三借阅区/ [索取号:X131.2/260] 在馆    
唐山师范学院图书馆 欢迎您!
大连网信软件有限公司© 版权所有